All the doctrines of the Bible: (Record no. 647)

000 -LEADER
fixed length control field 00598nam a2200181 a 4500
001 - CONTROL NUMBER
control field :::00013803$&:&@@
003 - CONTROL NUMBER IDENTIFIER
control field OkBaRHE
005 - DATE AND TIME OF LATEST TRANSACTION
control field 20100324135152.0
008 - FIXED-LENGTH DATA ELEMENTS--GENERAL INFORMATION
fixed length control field s1964 j 000 0 eng u
040 ## - CATALOGING SOURCE
Transcribing agency
100 1# - MAIN ENTRY--PERSONAL NAME
Personal name Lockyer, Herbert.
245 10 - TITLE STATEMENT
Title All the doctrines of the Bible:
Remainder of title a study and analysis of major Bible doctrines.
260 ## - PUBLICATION, DISTRIBUTION, ETC. (IMPRINT)
Place of publication, distribution, etc Grand Rapids, MI., :
Name of publisher, distributor, etc Zondervan Publishing House
Date of publication, distribution, etc 1964
300 ## - PHYSICAL DESCRIPTION
Extent 310 p. ;
Dimensions 24 cm.
650 ## - SUBJECT ADDED ENTRY--TOPICAL TERM
Topical term or geographic name as entry element Bible
General subdivision Theology
942 ## - ADDED ENTRY ELEMENTS (KOHA)
Source of classification or shelving scheme
Koha item type Books
Copies
Koha item type Permanent Location Source of classification or shelving scheme Damaged status Date last seen Not for loan Price effective from Full call number Shelving location Lost status Date acquired Withdrawn status Collection code Barcode Copy number
BooksRHEMA Bible Training College  2018-02-16 2010-04-14BS 543 .L6General Stacks 2010-04-14 Reference138031